000 00599nam a2200181Ia 4500
005 20241021093933.0
008 240126s9999 xx 000 0 und d
020 _a9781800561571
082 _a005.2 KNI;1 R
100 _aKnight, Devin. Pearson, Mitchell. Schacht, Bradley ...[et al.]
245 0 _aMicrosoft power BI quick start guide : bring your data to life through data modeling, visualization, digital storytelling and more
250 _a2nd ed.
260 _bPackt Pub.
_aBirmingham
_c2020
300 _axi, 273
440 _aNULL
650 _aMicrosoft,point,user's
942 _cPU
999 _c293975
_d293975